Statutes on the conflict of laws / (Record no. 22061)
[ view plain ]
| 000 -LEADER | |
|---|---|
| fixed length control field | 01199cam a22003255a 4500 |
| 001 - CONTROL NUMBER | |
| control field | 19012267 |
| 005 - DATE AND TIME OF LATEST TRANSACTION | |
| control field | 20160728130200.0 |
| 008 - FIXED-LENGTH DATA ELEMENTS--GENERAL INFORMATION | |
| fixed length control field | 160311t2015 enk fr 001 0 eng d |
| 010 ## - LIBRARY OF CONGRESS CONTROL NUMBER | |
| LC control number | 2016295202 |
| 015 ## - NATIONAL BIBLIOGRAPHY NUMBER | |
| National bibliography number | GBB231953 |
| Source | bnb |
| 020 ## - INTERNATIONAL STANDARD BOOK NUMBER | |
| International Standard Book Number | 9781849463430 (pbk.) |
| 020 ## - INTERNATIONAL STANDARD BOOK NUMBER | |
| International Standard Book Number | 1849463433 (pbk.) |
| 035 ## - SYSTEM CONTROL NUMBER | |
| System control number | (OCoLC)ocn921525798 |
| 040 ## - CATALOGING SOURCE | |
| Original cataloging agency | NLE |
| Language of cataloging | eng |
| Transcribing agency | NLE |
| Modifying agency | OCLCO |
| -- | YDXCP |
| -- | RCJ |
| -- | OCLCF |
| -- | CDX |
| -- | UAB |
| -- | OCLCQ |
| -- | DLC |
| -- | EG-ScBUE |
| 043 ## - GEOGRAPHIC AREA CODE | |
| Geographic area code | e------ |
| -- | e-uk--- |
| 082 04 - DEWEY DECIMAL CLASSIFICATION NUMBER | |
| Classification number | 340.9094 |
| Item number | STA |
| Edition number | 22 |
| 245 00 - TITLE STATEMENT | |
| Title | Statutes on the conflict of laws / |
| Statement of responsibility, etc | edited by Martin George and Andrew Dickinson. |
| 260 ## - PUBLICATION, DISTRIBUTION, ETC. (IMPRINT) | |
| Place of publication, distribution, etc | Oxford : |
| Name of publisher, distributor, etc | Hart Publishing Ltd / Bloomsbury Publishing, |
| Date of publication, distribution, etc | c.2015. |
| 300 ## - PHYSICAL DESCRIPTION | |
| Extent | xi, 756 p. ; |
| Dimensions | 24 cm |
| 500 ## - GENERAL NOTE | |
| General note | "Bloomsbury"--Cover. |
| 500 ## - GENERAL NOTE | |
| General note | Index : p. 755-756. |
| 505 0# - FORMATTED CONTENTS NOTE | |
| Formatted contents note | European Union materials -- United Kingdom statutes -- United Kingdom instruments -- Rules of procedure. |
| 650 #0 - SUBJECT ADDED ENTRY--TOPICAL TERM | |
| Topical term or geographic name as entry element | Conflict of laws |
| Geographic subdivision | European Union countries. |
| Source of heading or term | BUEsh |
| 650 #0 - SUBJECT ADDED ENTRY--TOPICAL TERM | |
| Topical term or geographic name as entry element | Conflict of laws |
| Geographic subdivision | Great Britain. |
| Source of heading or term | BUEsh |
| 651 ## - SUBJECT ADDED ENTRY--GEOGRAPHIC NAME | |
| Source of heading or term | BUEsh |
| 653 ## - INDEX TERM--UNCONTROLLED | |
| Resource For college | Law |
| Arrived date list | July2016 |
| 700 1# - ADDED ENTRY--PERSONAL NAME | |
| Personal name | George, Martin |
| Titles and other words associated with a name | (Law teacher) |
| Relator term | editor. |
| 9 (RLIN) | 40515 |
| 700 1# - ADDED ENTRY--PERSONAL NAME | |
| Personal name | Dickinson, Andrew. |
| Relator term | editor. |
| 9 (RLIN) | 40516 |
| 942 ## - ADDED ENTRY ELEMENTS (KOHA) | |
| Source of classification or shelving scheme | Dewey Decimal Classification |
| Withdrawn status | Item status | Source of classification or shelving scheme | Damaged status | Not for loan | Vendor | Home library | Current library | Shelving location | Date acquired | Source of acquisition | Cost, normal purchase price | Serial Enumeration / chronology | Total Checkouts | Full call number | Barcode | Date last seen | Date last borrowed | Cost, replacement price | Koha item type | Total Renewals |
|---|---|---|---|---|---|---|---|---|---|---|---|---|---|---|---|---|---|---|---|---|
| Dewey Decimal Classification | Baccah | Central Library | Central Library | First floor | 28/07/2016 | Purchase | 495.00 | 26080 | 1 | 340.9094 STA | 000033067 | 15/07/2025 | 04/11/2019 | 618.75 | Book - Borrowing | |||||
| Dewey Decimal Classification | Baccah | Central Library | Central Library | First floor | 28/07/2016 | Purchase | 495.00 | 26080 | 2 | 340.9094 STA | 000033090 | 15/07/2025 | 27/10/2024 | 618.75 | Book - Borrowing | 12 |